[Event "17. Europa ch Juvenil - Masculino s18"]
[Site "Sibenik CRO"]
[Date "2007.09.15"]
[Round "2.28"]
[White "Golubenko, Valentina"]
[Black "Jafarli, Alizamin"]
[Result "1/2-1/2"]
[WhiteElo "2316"]
[BlackElo "2174"]
[PlyCount "85"]
[EventDate "2007.09.14"]
[EventType "swiss"]
[EventRounds "9"]
[EventCountry "CRO"]
[Source "lmi"]
[SourceDate "2007.09.14"]

1. Nf3 Nf6 2. c4 g6 3. d4 Bg7 4. Nc3 O-O 5. e4 d6 6. Be2 e5 7. O-O Nc6 8. d5
Ne7 9. b4 Nh5 10. c5 Nf4 11. Bxf4 exf4 12. Rc1 h6 13. h4 f5 14. cxd6 cxd6 15.
e5 dxe5 16. d6 Nc6 17. Qd5+ Kh7 18. b5 Nd4 19. Nxe5 Re8 20. Qxd4 Bxe5 21. Qd5
Re6 22. Rfd1 Qxd6 23. Qxd6 Rxd6 24. Rxd6 Bxd6 25. Bf3 Rb8 26. Rd1 Be5 27. Nd5
Kg7 28. a4 g5 29. hxg5 hxg5 30. Re1 Bd6 31. b6 a5 32. Re8 Bd7 33. Rxb8 Bxb8 34.
Nc3 Be5 35. Nb5 Bxb5 36. axb5 Bd4 37. Bxb7 Bxb6 38. Kf1 Kf6 39. Ke2 Ke5 40. f3
Kd4 41. Kd2 Kc4 42. Kc2 g4 43. Bc8 1/2-1/2

[Event "17. Europa ch Juvenil - Masculino s18"]
[Site "Sibenik CRO"]
[Date "2007.09.15"]
[Round "2.29"]
[White "Beck, Frederik"]
[Black "Bizopoulos, Alexandros"]
[Result "1-0"]
[WhiteElo "2292"]
[BlackElo "2075"]
[PlyCount "43"]
[EventDate "2007.09.14"]
[EventType "swiss"]
[EventRounds "9"]
[EventCountry "CRO"]
[Source "lmi"]
[SourceDate "2007.09.14"]

1. e4 e5 2. Nf3 Nc6 3. Bb5 a6 4. Ba4 Nf6 5. d3 d6 6. c3 Be7 7. h3 O-O 8. O-O b5
9. Bc2 d5 10. Nbd2 Re8 11. d4 exd4 12. e5 dxc3 13. exf6 cxb2 14. fxe7 bxa1=Q
15. exd8=Q Rxd8 16. Bxh7+ Kh8 17. Ng5 Qf6 18. Qh5 Be6 19. Nxe6 fxe6 20. Nf3 Nd4
21. Nxd4 Qxd4 22. Bf5+ 1-0

[Event "17. Europa ch Juvenil - Masculino s18"]
[Site "Sibenik CRO"]
[Date "2007.09.15"]
[Round "2.30"]
[White "Kociscak, Jiri"]
[Black "Papp, Tamas"]
[Result "1-0"]
[WhiteElo "2180"]
[BlackElo "2281"]
[PlyCount "73"]
[EventDate "2007.09.14"]
[EventType "swiss"]
[EventRounds "9"]
[EventCountry "CRO"]
[Source "lmi"]
[SourceDate "2007.09.14"]

1. e4 d6 2. d4 Nf6 3. Nc3 g6 4. Be3 c6 5. h3 Bg7 6. f4 O-O 7. Qf3 d5 8. e5 Ne4
9. Nxe4 dxe4 10. Qf2 Be6 11. Qd2 Nd7 12. c4 Nb6 13. b3 f6 14. Rd1 Qc7 15. Ne2
fxe5 16. dxe5 c5 17. Nc3 Rad8 18. Qc2 Rxd1+ 19. Nxd1 g5 20. g3 gxf4 21. gxf4
Bf5 22. Bg2 Nd7 23. O-O Qc6 24. Nc3 Qh6 25. Nd5 Kh8 26. Nxe7 Bxh3 27. Qxe4 Bxg2
28. Kxg2 Bxe5 29. fxe5 Qg7+ 30. Ng6+ Qxg6+ 31. Qxg6 hxg6 32. Rxf8+ Nxf8 33.
Bxc5 Ne6 34. Bxa7 Kg7 35. Kf3 Kf7 36. b4 Nd4+ 37. Bxd4 1-0

[Event "17. Europa ch Juvenil - Masculino s18"]
[Site "Sibenik CRO"]
[Date "2007.09.15"]
[Round "2.33"]
[White "Raisanen, Kim"]
[Black "Gaehler, Marco"]
[Result "1-0"]
[WhiteElo "2062"]
[BlackElo "2272"]
[PlyCount "93"]
[EventDate "2007.09.14"]
[EventType "swiss"]
[EventRounds "9"]
[EventCountry "CRO"]
[Source "lmi"]
[SourceDate "2007.09.14"]

1. c4 e5 2. g3 Nc6 3. Bg2 g6 4. Nc3 Bg7 5. Rb1 d6 6. b4 a6 7. d3 h6 8. a4 Nf6
9. Nf3 Be6 10. b5 axb5 11. axb5 Ne7 12. O-O Qd7 13. Re1 Bh3 14. Bh1 O-O 15. Qb3
Kh7 16. Bb2 Ng4 17. Ra1 Rab8 18. Ra7 f5 19. Rea1 f4 20. Ne4 Kh8 21. Bc3 Nf5 22.
Qb2 Nf6 23. Nfd2 Nh5 24. Bf3 Nd4 25. Bxd4 exd4 26. R1a2 Be5 27. Qa1 Qe8 28. Bg2
Bxg2 29. Kxg2 g5 30. g4 f3+ 31. Nxf3 Nf4+ 32. Kh1 Bg7 33. b6 cxb6 34. Nxd6 Qc6
35. Ne4 Qc8 36. Qg1 Nxd3 37. Nfxg5 Nb4 38. Qb1 d3 39. Qxb4 hxg5 40. h3 Qc6 41.
exd3 Rf3 42. Ra8 Be5 43. Rxb8+ Bxb8 44. Kg2 Rf7 45. Ra8 Qc7 46. Qd6 Kg7 47.
Rxb8 1-0

[Event "17. Europa ch Juvenil - Masculino s18"]
[Site "Sibenik CRO"]
[Date "2007.09.15"]
[Round "2.34"]
[White "Narmontas, Tauras"]
[Black "Okrosa, Marijan"]
[Result "1-0"]
[WhiteElo "2227"]
[BlackElo "2012"]
[PlyCount "121"]
[EventDate "2007.09.14"]
[EventType "swiss"]
[EventRounds "9"]
[EventCountry "CRO"]
[Source "lmi"]
[SourceDate "2007.09.14"]

1. e4 e6 2. d4 d5 3. Nc3 Nf6 4. Bg5 dxe4 5. Nxe4 Be7 6. Bxf6 gxf6 7. Nf3 a6 8.
c4 f5 9. Nc3 Bf6 10. Qd3 c5 11. d5 Qa5 12. Nd2 O-O 13. Be2 Rd8 14. Qe3 Qc7 15.
Rc1 b6 16. h4 Qe5 17. Qh6 Bg7 18. Qg5 Qf6 19. Qg3 Qe5 20. f4 Qd6 21. Nf3 Bb7
22. h5 h6 23. Rd1 Qe7 24. a4 b5 25. axb5 axb5 26. d6 Rxd6 27. Rxd6 Qxd6 28.
Nxb5 Qb6 29. O-O Ra2 30. Ne5 Rxb2 31. Bf3 Rb3 32. Rd1 Bxf3 33. gxf3 Qa5 34. Kh1
Kf8 35. Nxf7 Kxf7 36. Qg6+ Kf8 37. Nd6 Kg8 38. Qf7+ Kh7 39. Rg1 Qc3 40. Qg6+
Kg8 41. Qxe6+ Kh7 42. Qxf5+ Kg8 43. Qd5+ Kh7 44. Ne8 Qxf3+ 45. Qxf3 Rxf3 46.
Rxg7+ Kh8 47. Rb7 Rxf4 48. Rxb8 Rh4+ 49. Kg2 Kh7 50. Rb7+ Kg8 51. Nf6+ Kf8 52.
Rh7 Rxc4 53. Rxh6 Kg7 54. Rg6+ Kf7 55. Kg3 Rc1 56. Kg4 Rg1+ 57. Kf5 Rh1 58. Kg5
c4 59. Ng4 c3 60. Rc6 Rh3 61. h6 1-0

[Event "17. Europa ch Juvenil - Masculino s18"]
[Site "Sibenik CRO"]
[Date "2007.09.15"]
[Round "2.36"]
[White "Ocnarescu, Victor"]
[Black "Ertan, Can"]
[Result "1-0"]
[WhiteElo "2215"]
[BlackElo "1965"]
[PlyCount "81"]
[EventDate "2007.09.14"]
[EventType "swiss"]
[EventRounds "9"]
[EventCountry "CRO"]
[Source "lmi"]
[SourceDate "2007.09.14"]

1. e4 e5 2. Nf3 Nc6 3. Nc3 Nf6 4. Bb5 Nd4 5. Ba4 Nxf3+ 6. Qxf3 c6 7. O-O Be7 8.
d3 O-O 9. Bb3 d6 10. h3 Nd7 11. Ne2 Nc5 12. Ng3 Nxb3 13. axb3 Bg5 14. Be3 Bxe3
15. Qxe3 a5 16. f4 f6 17. Nh5 Kh8 18. g4 Be6 19. Ng3 Qc7 20. Kh2 d5 21. Rf2 d4
22. Qd2 exf4 23. Qxf4 Qxf4 24. Rxf4 Rfd8 25. Re1 Re8 26. Nf5 Rad8 27. h4 Kg8
28. g5 fxg5 29. hxg5 Bc8 30. Ref1 b6 31. Kg3 c5 32. Kh4 Be6 33. Kg3 b5 34. Rh1
Bf7 35. Ra1 c4 36. bxc4 bxc4 37. Rxa5 cxd3 38. cxd3 Bb3 39. Ra7 Kh8 40. Rxg7
Bc2 41. Rh4 1-0

[Event "17. Europa ch Juvenil - Masculino s18"]
[Site "Sibenik CRO"]
[Date "2007.09.15"]
[Round "2.37"]
[White "Valkovic, Kristian"]
[Black "Muheim, Lukas"]
[Result "0-1"]
[WhiteElo "1960"]
[BlackElo "2210"]
[PlyCount "72"]
[EventDate "2007.09.14"]
[EventType "swiss"]
[EventRounds "9"]
[EventCountry "CRO"]
[Source "lmi"]
[SourceDate "2007.09.14"]

1. e4 c5 2. Nf3 Nc6 3. d4 cxd4 4. Nxd4 Nf6 5. Nc3 e5 6. Ndb5 d6 7. Bg5 a6 8.
Na3 b5 9. Bxf6 gxf6 10. Nd5 f5 11. Bd3 Be6 12. c3 Bxd5 13. exd5 Ne7 14. Nxb5
Bg7 15. Na3 O-O 16. O-O Qa5 17. Bc2 Rac8 18. Bb3 Rc5 19. Nc4 Qc7 20. Ne3 f4 21.
Nc2 a5 22. a4 Rb8 23. Na3 Qd7 24. Nb5 e4 25. Re1 f5 26. Qd2 Ng6 27. Bc2 Kh8 28.
Rac1 f3 29. b4 axb4 30. cxb4 Rc4 31. Bb3 Rxc1 32. Rxc1 fxg2 33. Qg5 f4 34. Qxg2
Nh4 35. Qxe4 Qh3 36. Bc2 Nf3+ 0-1

[Event "17. Europa ch Juvenil - Masculino s18"]
[Site "Sibenik CRO"]
[Date "2007.09.16"]
[Round "3.1"]
[White "Bindrich, Falko"]
[Black "Levin, Evgeny"]
[Result "0-1"]
[WhiteElo "2504"]
[BlackElo "2421"]
[PlyCount "107"]
[EventDate "2007.09.14"]
[EventType "swiss"]
[EventRounds "9"]
[EventCountry "CRO"]
[Source "lmi"]
[SourceDate "2007.09.14"]

1. e4 c5 2. Nf3 d6 3. d4 cxd4 4. Nxd4 Nf6 5. Nc3 a6 6. Be2 e6 7. Be3 Be7 8. f4
Nc6 9. O-O O-O 10. Qe1 Qc7 11. Kh1 Bd7 12. Qg3 Kh8 13. Rae1 b5 14. a3 Rab8 15.
Nf3 b4 16. axb4 Nxb4 17. Bd1 Qb7 18. e5 Nfd5 19. Bd4 f6 20. Ne4 dxe5 21. fxe5
Qc7 22. exf6 Qxg3 23. Nxg3 Bxf6 24. Ne5 Bxe5 25. Bxe5 Rbc8 26. Nh5 Rxf1+ 27.
Rxf1 Kg8 28. Bd4 Nxc2 29. Bxc2 Rxc2 30. Bxg7 Nf4 31. Nxf4 Kxg7 32. b4 e5 33.
Nd3 Bb5 34. Ne1 Rb2 35. Rf5 Re2 36. Nf3 e4 37. Ng1 Rb2 38. Re5 Rxb4 39. g4 e3
40. h3 Bc6+ 41. Kh2 Rb2+ 42. Kg3 Rg2+ 43. Kf4 Rxg1 44. Rxe3 Rf1+ 45. Kg5 Bd5
46. Re7+ Bf7 47. Ra7 Ra1 48. h4 a5 49. h5 h6+ 50. Kf5 a4 51. g5 Rf1+ 52. Ke5
hxg5 53. h6+ Kxh6 54. Rxa4 0-1

[Event "17. Europa ch Juvenil - Masculino s18"]
[Site "Sibenik CRO"]
[Date "2007.09.16"]
[Round "3.3"]
[White "Ronchetti, Niccolo"]
[Black "Szabo, Krisztian"]
[Result "1/2-1/2"]
[WhiteElo "2410"]
[BlackElo "2482"]
[PlyCount "93"]
[EventDate "2007.09.14"]
[EventType "swiss"]
[EventRounds "9"]
[EventCountry "CRO"]
[Source "lmi"]
[SourceDate "2007.09.14"]

1. e4 e5 2. Nf3 Nc6 3. Bb5 a6 4. Ba4 Nf6 5. O-O Nxe4 6. d4 b5 7. Bb3 d5 8. dxe5
Be6 9. Nbd2 Nc5 10. c3 Be7 11. Bc2 Bg4 12. Re1 Qd7 13. Nb3 Ne6 14. Qe2 Ncd8 15.
h3 Bh5 16. Nbd4 Bg6 17. Nf5 O-O 18. Be3 Re8 19. Rad1 Bf8 20. N3h4 c6 21. Qg4
Kh8 22. f4 Bc5 23. Nxg6+ fxg6 24. Bxc5 Nxc5 25. Nd6 Qxg4 26. hxg4 Re7 27. g5
Ndb7 28. b4 Ne6 29. g3 Kg8 30. Kg2 a5 31. Bb3 axb4 32. cxb4 Kf8 33. Nxb7 Rxb7
34. Rh1 Kg8 35. Kf3 Rf7 36. Ke3 Ra3 37. Rd3 Ra6 38. Rh2 Ra3 39. Rh1 Ra6 40. Rh2
Ra3 41. Rc2 Ra6 42. Rd1 h6 43. gxh6 gxh6 44. Rdc1 Nd8 45. Rh1 h5 46. g4 Ne6 47.
Rf2 1/2-1/2

[Event "17. Europa ch Juvenil - Masculino s18"]
[Site "Sibenik CRO"]
[Date "2007.09.16"]
[Round "3.4"]
[White "Saric, Ivan"]
[Black "Can, Emre"]
[Result "1/2-1/2"]
[WhiteElo "2442"]
[BlackElo "2411"]
[PlyCount "65"]
[EventDate "2007.09.14"]
[EventType "swiss"]
[EventRounds "9"]
[EventCountry "CRO"]
[Source "lmi"]
[SourceDate "2007.09.14"]

1. e4 c5 2. Nf3 Nc6 3. d4 cxd4 4. Nxd4 Nf6 5. Nc3 d6 6. Bg5 e6 7. Qd2 Be7 8.
O-O-O O-O 9. f4 Nxd4 10. Qxd4 Qa5 11. Bc4 Bd7 12. e5 dxe5 13. Qxe5 Qb6 14. Qe2
Bc6 15. f5 Qc5 16. Bxf6 Bxf6 17. fxe6 fxe6 18. Ne4 Bxe4 19. Qxe4 Kh8 20. Rhe1
Rae8 21. Bd3 g6 22. h4 Qh5 23. g3 Bg7 24. Kb1 Qf3 25. Rh1 Qxe4 26. Bxe4 Re7 27.
h5 gxh5 28. Rxh5 h6 29. c3 Kg8 30. Rh2 Rff7 31. Kc2 Rd7 32. Re1 Rd6 33. Ree2
1/2-1/2

[Event "17. Europa ch Juvenil - Masculino s18"]
[Site "Sibenik CRO"]
[Date "2007.09.16"]
[Round "3.5"]
[White "Mozharov, Mikhail"]
[Black "Olszewski, Michal"]
[Result "1/2-1/2"]
[WhiteElo "2424"]
[BlackElo "2409"]
[PlyCount "92"]
[EventDate "2007.09.14"]
[EventType "swiss"]
[EventRounds "9"]
[EventCountry "CRO"]
[Source "lmi"]
[SourceDate "2007.09.14"]

1. e4 e5 2. Nf3 Nc6 3. Bb5 a6 4. Ba4 Nf6 5. O-O Be7 6. Re1 b5 7. Bb3 O-O 8. h3
Bb7 9. d3 d6 10. a3 Na5 11. Ba2 c5 12. Nc3 Nc6 13. Nd5 Nxd5 14. exd5 Nb8 15. b4
Nd7 16. Rb1 Qc7 17. c4 cxb4 18. Nd4 bxc4 19. dxc4 Nc5 20. Nf5 a5 21. f4 f6 22.
Qc2 Bc8 23. Nxe7+ Qxe7 24. axb4 axb4 25. Rxb4 g6 26. Bb1 Bf5 27. Qc3 Bxb1 28.
Rxb1 Rfc8 29. fxe5 fxe5 30. Qg3 Ra4 31. Qg4 Qd7 32. Qxd7 Nxd7 33. Rb7 Nc5 34.
Rb6 Rxc4 35. Bh6 Ne4 36. Kh2 Re8 37. Rb7 Nf6 38. Rf1 Nh5 39. Rff7 Rc2 40. Kg1
Ra8 41. g4 Ra1+ 42. Rf1 Rxf1+ 43. Kxf1 Ng3+ 44. Ke1 Ne4 45. Rg7+ Kh8 46. Rd7
Kg8 1/2-1/2

[Event "17. Europa ch Juvenil - Masculino s18"]
[Site "Sibenik CRO"]
[Date "2007.09.16"]
[Round "3.6"]
[White "Matsenko, Sergei"]
[Black "Zhigalko, Sergei"]
[Result "1/2-1/2"]
[WhiteElo "2406"]
[BlackElo "2560"]
[PlyCount "32"]
[EventDate "2007.09.14"]
[EventType "swiss"]
[EventRounds "9"]
[EventCountry "CRO"]
[Source "lmi"]
[SourceDate "2007.09.14"]

1. e4 Nf6 2. e5 Nd5 3. d4 d6 4. c4 Nb6 5. exd6 exd6 6. Nc3 Nc6 7. Be2 Be7 8. d5
Ne5 9. f4 Ned7 10. Nf3 O-O 11. O-O Re8 12. Qc2 g6 13. f5 Nc5 14. fxg6 fxg6 15.
b4 Bf5 16. Qd2 Nca4 1/2-1/2

[Event "17. Europa ch Juvenil - Masculino s18"]
[Site "Sibenik CRO"]
[Date "2007.09.16"]
[Round "3.7"]
[White "Huerga Leache, Mikel"]
[Black "Kravtsiv, Martyn"]
[Result "0-1"]
[WhiteElo "2370"]
[BlackElo "2492"]
[PlyCount "62"]
[EventDate "2007.09.14"]
[EventType "swiss"]
[EventRounds "9"]
[EventCountry "CRO"]
[Source "lmi"]
[SourceDate "2007.09.14"]

1. e4 e6 2. d4 d5 3. Nc3 Bb4 4. e5 c5 5. Bd2 Ne7 6. dxc5 Nbc6 7. Qg4 O-O 8. Bd3
d4 9. Nb1 Nxe5 10. Bxh7+ Kxh7 11. Qh5+ Kg8 12. Qxe5 Nc6 13. Qh5 e5 14. Nf3 Bxc5
15. O-O Qf6 16. Re1 Bf5 17. Bg5 Qe6 18. Nbd2 f6 19. Bh4 Bb4 20. Rec1 Ne7 21. h3
Rac8 22. Nb3 Bxc2 23. Nbxd4 exd4 24. Nxd4 Qe4 25. Nxc2 Rxc2 26. Rxc2 Qxc2 27.
Qb5 Qe4 28. Bg3 a6 29. Qb6 Nf5 30. Rd1 Nxg3 31. fxg3 Rc8 0-1

[Event "17. Europa ch Juvenil - Masculino s18"]
[Site "Sibenik CRO"]
[Date "2007.09.16"]
[Round "3.8"]
[White "Grigoryan, Avetik"]
[Black "Stupak, Kirill"]
[Result "1-0"]
[WhiteElo "2489"]
[BlackElo "2377"]
[PlyCount "99"]
[EventDate "2007.09.14"]
[EventType "swiss"]
[EventRounds "9"]
[EventCountry "CRO"]
[Source "lmi"]
[SourceDate "2007.09.14"]

1. d4 e6 2. c4 Bb4+ 3. Nd2 d5 4. Qa4+ Nc6 5. e3 Nf6 6. Ngf3 O-O 7. a3 Bxd2+ 8.
Bxd2 Ne4 9. Qc2 Nxd2 10. Qxd2 Ne7 11. b4 c6 12. Rb1 b6 13. Bd3 Ba6 14. Qc2 Bxc4
15. Bxh7+ Kh8 16. Bd3 Bxd3 17. Qxd3 f6 18. O-O Qd7 19. Rfe1 Kg8 20. e4 dxe4 21.
Rxe4 Nf5 22. Rbe1 Rfe8 23. Qe2 Rad8 24. h4 Nd6 25. Rf4 Nf7 26. Re4 Nd6 27. Rf4
Nf7 28. Qc2 e5 29. dxe5 Nxe5 30. Nxe5 Rxe5 31. Qc4+ Kh8 32. Rxe5 fxe5 33. Rf3
Qd1+ 34. Kh2 Qd6 35. Qe4 Rf8 36. Rd3 Qe6 37. Kg1 Qa2 38. Qe3 Qc4 39. g3 Qe6 40.
Rd2 Qf6 41. Rd7 e4 42. Rxa7 Qe5 43. Qxb6 Qd5 44. Qe3 Qe5 45. Kg2 Rf3 46. Qg5
Rf5 47. Qe3 Rf3 48. Qc5 Qe8 49. Re7 Qg6 50. Qg5 1-0

[Event "17. Europa ch Juvenil - Masculino s18"]
[Site "Sibenik CRO"]
[Date "2007.09.16"]
[Round "3.10"]
[White "Genzling, Alain"]
[Black "Vila Gazquez, Xavier"]
[Result "1-0"]
[WhiteElo "2255"]
[BlackElo "2429"]
[PlyCount "51"]
[EventDate "2007.09.14"]
[EventType "swiss"]
[EventRounds "9"]
[EventCountry "CRO"]
[Source "lmi"]
[SourceDate "2007.09.14"]

1. e4 c5 2. Nf3 Nc6 3. d4 cxd4 4. Nxd4 Qc7 5. Nc3 e6 6. g3 a6 7. Bg2 h5 8. f4
d6 9. Be3 Bd7 10. Nxc6 Bxc6 11. Qe2 Be7 12. Bd4 e5 13. Be3 Bf6 14. O-O-O Ne7
15. Rhf1 b5 16. Nd5 Bxd5 17. exd5 Rc8 18. fxe5 Bxe5 19. Bd4 Bxd4 20. Rxd4 Kf8
21. Bh3 Rb8 22. Qe6 f6 23. Rxf6+ gxf6 24. Qxf6+ Kg8 25. Be6+ Kh7 26. Rh4 1-0

[Event "17. Europa ch Juvenil - Masculino s18"]
[Site "Sibenik CRO"]
[Date "2007.09.16"]
[Round "3.11"]
[White "Delorme, Axel"]
[Black "Nestorovic, Nikola"]
[Result "1/2-1/2"]
[WhiteElo "2317"]
[BlackElo "2424"]
[PlyCount "65"]
[EventDate "2007.09.14"]
[EventType "swiss"]
[EventRounds "9"]
[EventCountry "CRO"]
[Source "lmi"]
[SourceDate "2007.09.14"]

1. e4 c5 2. Nf3 a6 3. c3 e6 4. d4 d5 5. exd5 exd5 6. Bg5 Nf6 7. Be2 c4 8. Nbd2
Be7 9. Nf1 O-O 10. Ne3 Be6 11. O-O Nc6 12. Ne5 h6 13. Bxf6 Bxf6 14. f4 Be7 15.
Kh1 Qb6 16. Qd2 Rad8 17. f5 Bc8 18. N5g4 Bg5 19. f6 Bxg4 20. Bxg4 Rfe8 21. Rf3
gxf6 22. Qf2 Bxe3 23. Rxe3 Rxe3 24. Qxe3 Kg7 25. Qe2 Qc7 26. Re1 Qf4 27. Rf1
Qd6 28. Re1 Qf4 29. Rf1 Qd6 30. Re1 Qf4 31. g3 Qd6 32. Bf5 Rh8 33. Kg2 1/2-1/2

[Event "17. Europa ch Juvenil - Masculino s18"]
[Site "Sibenik CRO"]
[Date "2007.09.16"]
[Round "3.13"]
[White "Vernay, Clovis"]
[Black "Cartas, Octavian-Mihai"]
[Result "0-1"]
[WhiteElo "2381"]
[BlackElo "2111"]
[PlyCount "174"]
[EventDate "2007.09.14"]
[EventType "swiss"]
[EventRounds "9"]
[EventCountry "CRO"]
[Source "lmi"]
[SourceDate "2007.09.14"]

1. d4 d5 2. c4 e6 3. Nc3 c6 4. e4 Bb4 5. cxd5 exd5 6. e5 Bf5 7. Qb3 Qb6 8. Nf3
Nd7 9. Be2 Ne7 10. O-O Bxc3 11. Qxc3 Nf8 12. Be3 Ne6 13. Nh4 h5 14. f4 g6 15.
Rf2 Ng7 16. Bf3 Bg4 17. Rd2 Bxf3 18. Nxf3 Nef5 19. Bf2 Ne6 20. g3 Qa6 21. Ng5
Rd8 22. b3 Qa3 23. Nxe6 fxe6 24. Qc5 Qxc5 25. dxc5 Kf7 26. h3 Rdg8 27. h4 Rd8
28. b4 Ke7 29. a4 a6 30. Rb1 Rd7 31. Kg2 Rhd8 32. Kf3 Nh6 33. Rd3 Rf8 34. b5
axb5 35. axb5 Ra8 36. Rdb3 Ng4 37. Bd4 Rc7 38. Ra1 Rxa1 39. Bxa1 cxb5 40. Rxb5
Nh6 41. Bd4 Kd7 42. Bf2 Kc8 43. Ra5 Kb8 44. Rb5 Rc6 45. Rb4 Ra6 46. Rb2 Ra3+
47. Kg2 Kc7 48. Rb6 Ra6 49. Rb2 Nf5 50. Rb3 Ra4 51. Rb6 Ra6 52. Rb3 Ne7 53. Kf3
Ra2 54. Bg1 Nc6 55. Rc3 Nb8 56. Rb3 Nd7 57. Bd4 Kc6 58. g4 hxg4+ 59. Kxg4 Rg2+
60. Kf3 Rh2 61. Kg4 Rg2+ 62. Kf3 Rd2 63. Rb4 Rc2 64. h5 gxh5 65. f5 Rc4 66.
Rxc4 dxc4 67. fxe6 Nb8 68. Ke4 Na6 69. e7 Kd7 70. Kd5 Nb4+ 71. Kxc4 Nc6 72. Bf2
Nxe7 73. Kd4 Ke6 74. Ke4 Nf5 75. Bg1 h4 76. Bh2 Ng3+ 77. Kd4 Nf1 78. Bg1 h3 79.
Kc3 Kxe5 80. Kb4 Ke6 81. Kb5 Nd2 82. Bh2 Ne4 83. c6 bxc6+ 84. Kxc6 Kf5 85. Kd5
Nd2 86. Bb8 Kg4 87. Kd4 Kf3 0-1

[Event "17. Europa ch Juvenil - Masculino s18"]
[Site "Sibenik CRO"]
[Date "2007.09.16"]
[Round "3.14"]
[White "Figura, Atila Gajo"]
[Black "Narmontas, Tauras"]
[Result "1-0"]
[WhiteElo "2413"]
[BlackElo "2227"]
[PlyCount "79"]
[EventDate "2007.09.14"]
[EventType "swiss"]
[EventRounds "9"]
[EventCountry "CRO"]
[Source "lmi"]
[SourceDate "2007.09.14"]

1. d4 Nf6 2. Nf3 e6 3. Bg5 c5 4. e3 b6 5. d5 d6 6. Nc3 a6 7. dxe6 fxe6 8. e4
Qc7 9. a4 Nc6 10. Bc4 Be7 11. O-O O-O 12. Qd2 Kh8 13. Rad1 Nd8 14. Rfe1 Nf7 15.
h3 Ne8 16. Bf4 Qd8 17. Qe2 Ng5 18. Nxg5 Bxg5 19. Bxd6 Nxd6 20. e5 Bh4 21. Ne4
Bb7 22. Rxd6 Qe8 23. g3 Qg6 24. Rxb6 Bxe4 25. Qxe4 Bxg3 26. Qxg6 Bxf2+ 27. Kg2
hxg6 28. Re2 Bh4 29. Rxe6 Rf4 30. b3 Raf8 31. Rxa6 Rf2+ 32. Rxf2 Rxf2+ 33. Kg1
Rxc2 34. Rxg6 Rc1+ 35. Kg2 Re1 36. a5 Rxe5 37. a6 Rf5 38. a7 Rf2+ 39. Kg1 Ra2
40. Ra6 1-0

[Event "17. Europa ch Juvenil - Masculino s18"]
[Site "Sibenik CRO"]
[Date "2007.09.16"]
[Round "3.15"]
[White "Ocnarescu, Victor"]
[Black "Tereick, Benjamin"]
[Result "0-1"]
[WhiteElo "2215"]
[BlackElo "2404"]
[PlyCount "72"]
[EventDate "2007.09.14"]
[EventType "swiss"]
[EventRounds "9"]
[EventCountry "CRO"]
[Source "lmi"]
[SourceDate "2007.09.14"]

1. e4 e6 2. d4 d5 3. exd5 exd5 4. Nf3 Nc6 5. Bb5 a6 6. Bxc6+ bxc6 7. Qe2+ Qe7
8. Bf4 Qxe2+ 9. Kxe2 Bd6 10. Bxd6 cxd6 11. Nbd2 Rb8 12. b3 a5 13. c4 Ba6 14.
Kd3 Nf6 15. Rhe1+ Kd7 16. Kc3 Rhe8 17. h3 h6 18. Rxe8 Rxe8 19. Re1 Ne4+ 20.
Nxe4 dxe4 21. Nd2 f5 22. a3 d5 23. a4 f4 24. b4 e3 25. fxe3 Rxe3+ 26. Rxe3 fxe3
27. Nf3 axb4+ 28. Kxb4 Bxc4 29. Kc5 Kc7 30. h4 Bd3 31. a5 Be4 32. Ne1 Kb7 33.
g3 h5 34. Kb4 Ka6 35. Ka4 g6 36. Kb4 e2 0-1

[Event "17. Europa ch Juvenil - Masculino s18"]
[Site "Sibenik CRO"]
[Date "2007.09.16"]
[Round "3.16"]
[White "Krivoborodov, Egor"]
[Black "Froewis, Georg"]
[Result "0-1"]
[WhiteElo "2403"]
[BlackElo "2208"]
[PlyCount "70"]
[EventDate "2007.09.14"]
[EventType "swiss"]
[EventRounds "9"]
[EventCountry "CRO"]
[Source "lmi"]
[SourceDate "2007.09.14"]

1. e4 e6 2. d4 d5 3. Nc3 Bb4 4. e5 c5 5. a3 Bxc3+ 6. bxc3 Ne7 7. Qg4 Qc7 8.
Qxg7 Rg8 9. Qxh7 cxd4 10. Ne2 Nbc6 11. f4 Bd7 12. Qd3 dxc3 13. Nxc3 a6 14. Ne2
Rc8 15. Bd2 Na5 16. Nd4 Nc4 17. Rb1 Ba4 18. g3 Nc6 19. Nf3 Bb5 20. Qh7 Ne7 21.
Nd4 Nxd2 22. Nxb5 Qa5 23. Nd6+ Kd7 24. Rxb7+ Rc7 25. Rxc7+ Kxc7 26. Ke2 Ne4 27.
Nxe4 dxe4 28. Qxe4 Rd8 29. Bg2 Qb5+ 30. Kf3 Nf5 31. g4 Rd4 32. Qe1 Qd5+ 33. Kf2
Rxf4+ 34. Ke2 Qxg2+ 35. Kd3 Rf3+ 0-1

[Event "17. Europa ch Juvenil - Masculino s18"]
[Site "Sibenik CRO"]
[Date "2007.09.16"]
[Round "3.17"]
[White "Muheim, Lukas"]
[Black "Rombaldoni, Denis"]
[Result "1-0"]
[WhiteElo "2210"]
[BlackElo "2383"]
[PlyCount "117"]
[EventDate "2007.09.14"]
[EventType "swiss"]
[EventRounds "9"]
[EventCountry "CRO"]
[Source "lmi"]
[SourceDate "2007.09.14"]

1. e4 c6 2. d4 d5 3. Nc3 dxe4 4. Nxe4 h6 5. Ng3 Nf6 6. Bc4 Nbd7 7. Nf3 Nb6 8.
Bb3 e6 9. O-O a5 10. c3 a4 11. Bc2 Qc7 12. Qe2 a3 13. b3 Nbd5 14. Bd2 b6 15.
Ne5 Bd6 16. Rac1 c5 17. Bd3 h5 18. f4 h4 19. Ne4 Nxe4 20. Bxe4 Bb7 21. Qb5+ Ke7
22. Qd3 f5 23. Bxf5 exf5 24. Qxf5 Raf8 25. Qg5+ Ke8 26. Rce1 Bxe5 27. Rxe5+ Ne7
28. Rxe7+ Qxe7 29. Re1 Be4 30. Qxe7+ Kxe7 31. Rxe4+ Kd6 32. Kf2 Re8 33. dxc5+
bxc5 34. Ra4 h3 35. g4 Re7 36. Rxa3 c4 37. Be3 Rhe8 38. Bd4 Re2+ 39. Kg3 Rh8
40. Bxg7 Rg2+ 41. Kf3 Rg8 42. Ra6+ Kd5 43. Be5 R8xg4 44. Rd6+ Kc5 45. Rh6 Rg8
46. Bd4+ Kd5 47. Rxh3 Rxa2 48. Rh5+ Ke6 49. f5+ Kd5 50. f6+ Ke6 51. bxc4 Ra1
52. Re5+ Kf7 53. Re7+ Kf8 54. Rc7 Rf1+ 55. Ke2 Rf5 56. Ke3 Rg4 57. c5 Rh5 58.
Kd3 Rxh2 59. c6 1-0

[Event "17. Europa ch Juvenil - Masculino s18"]
[Site "Sibenik CRO"]
[Date "2007.09.16"]
[Round "3.18"]
[White "Brzeski, Maciej"]
[Black "Kociscak, Jiri"]
[Result "1-0"]
[WhiteElo "2356"]
[BlackElo "2180"]
[PlyCount "99"]
[EventDate "2007.09.14"]
[EventType "swiss"]
[EventRounds "9"]
[EventCountry "CRO"]
[Source "lmi"]
[SourceDate "2007.09.14"]

1. e4 e5 2. Nf3 Nc6 3. Bb5 a6 4. Ba4 Nf6 5. O-O Be7 6. Re1 b5 7. Bb3 d6 8. c3
O-O 9. d4 Bg4 10. Be3 exd4 11. cxd4 Na5 12. Bc2 c5 13. h3 cxd4 14. Bxd4 Bh5 15.
Nc3 Nc6 16. Be3 Ne5 17. Bf4 Bxf3 18. gxf3 Qc8 19. Kg2 b4 20. Ne2 Ng6 21. Bg3
Nh5 22. Bb3 Bg5 23. Qxd6 Rd8 24. Qb6 Rd2 25. Rac1 Qf8 26. Rc7 Bd8 27. Qe3 Rxe2
28. Rxe2 Bxc7 29. Bxc7 Qe7 30. Bg3 Qf6 31. Rc2 Nhf4+ 32. Kh2 h5 33. h4 Re8 34.
Rc7 Re7 35. Rc8+ Kh7 36. Rc5 Re5 37. Bxf7 Rxc5 38. Bxg6+ Nxg6 39. Qxc5 Qxf3 40.
Qe3 Qg4 41. f3 Qe6 42. Qg5 Kg8 43. Qxh5 Qxa2 44. Qxg6 Qxb2+ 45. Kh3 Qa3 46.
Qe6+ Kh7 47. Qf5+ Kg8 48. Be5 b3 49. Qe6+ Kh7 50. Qf7 1-0

[Event "17. Europa ch Juvenil - Masculino s18"]
[Site "Sibenik CRO"]
[Date "2007.09.16"]
[Round "3.19"]
[White "Szekeres, Robert"]
[Black "Hayrapetian, Ovik"]
[Result "1-0"]
[WhiteElo "2209"]
[BlackElo "2336"]
[PlyCount "63"]
[EventDate "2007.09.14"]
[EventType "swiss"]
[EventRounds "9"]
[EventCountry "CRO"]
[Source "lmi"]
[SourceDate "2007.09.14"]

1. d4 Nf6 2. Nf3 g6 3. b3 Bg7 4. Bb2 O-O 5. Nbd2 d5 6. e3 Bf5 7. Be2 Nbd7 8.
O-O h6 9. Nh4 Be6 10. Bd3 c5 11. Qe2 Rc8 12. c4 Re8 13. Rab1 b6 14. h3 Nf8 15.
f4 cxd4 16. exd4 g5 17. fxg5 hxg5 18. Nf5 Ng6 19. Nxg7 Kxg7 20. Nf3 Nh7 21. Qe3
Rg8 22. Nxg5 Nxg5 23. Qxg5 Rc6 24. Rbe1 Qd7 25. cxd5 Bxd5 26. Re5 Rd8 27. Rf4
Rf6 28. Rh4 Kf8 29. Qh6+ Ke8 30. Qh8+ Nf8 31. Qxf6 Be6 32. Qg7 1-0